000 00815nam a2200241 i 4500
001 116093
003 ES-MaACL
005 20250907063102.0
007 t|
008 061121s1905 fr r ||||1| fre d
100 1 _aParis, Gaston,
_d1839-1903
_989136
245 1 0 _aHistoire poétique de Charlemagne /
_cpar Gaston Paris.
250 _areprod. de la ed. de 1865, aug. de notes nouv. par l'auteur, et par M. Paul Meyer d'une tabla alphabetique des matieres.
260 _aParis :
_b[Emile Bouillon],
_c1905.
300 _aXVII, 554 p. ;
_c24 cm.
600 0 4 _aCarlomagno,
_cEmperador
_935288
650 0 7 _aPoesía épica francesa
_2embne
_9136738
655 7 _2tgfbne
_aPoesías
_9176539
700 1 _aMeyer, Paul.
_980799
852 _aES-MaACL
_jC-871
942 _2udc
999 _c116093
_d116093